MARC

LEADER 00000nam0a2200000 4500
001 303130
005 20231102001555.0
035 |a (RuTPU)RU\TPU\book\328350 
090 |a 303130 
100 |a 20150831d1983 km y0rusy50 ca 
101 0 |a rus 
102 |a RU 
105 |a a z 001zy 
200 1 |a Магнитные поля в космосе  |f С. И. Вайнштейн  |g Академия наук СССР (АН СССР), Институт земного магнетизма, ионосферы и распространения радиоволн (ИЗМИРАН) 
210 |a Москва  |c Недра  |d 1983 
215 |a 237 с.  |c ил. 
320 |a Библиогр.: с. 231-235 
606 1 |a Магнитное поле в космосе  |2 stltpush  |3 (RuTPU)RU\TPU\subj\40789  |9 60620 
610 1 |a космические магнитные поля 
610 1 |a динамика 
610 1 |a Лагранжева динамика 
610 1 |a турбулентное динамо 
610 1 |a точные задачи 
610 1 |a высокопроводящая плазма 
610 1 |a магнитная гидродинамика 
610 1 |a солнечный ветер 
610 1 |a неоднородность 
610 1 |a межзвездный газ 
675 |a 52:53  |v 4 
700 1 |a Вайнштейн  |b С. И.  |g Самуил Иосифович 
712 0 2 |a Академия наук СССР (АН СССР)  |b Институт земного магнетизма, ионосферы и распространения радиоволн (ИЗМИРАН)  |c (Москва)  |c (1959-1991)  |2 stltpush  |3 (RuTPU)RU\TPU\col\12157 
801 1 |a RU  |b 63413507  |c 20150831 
801 2 |a RU  |b 63413507  |c 20190412  |g RCR 
942 |c BK